Statistics for Ariana Grande - Into You - All Lyrics

Click here to take the quiz!

General Stats

  • This quiz has been taken 261 times
  • The average score is 360 of 448

Answer Stats

Lyrics % Correct
i
100%
you,
99%
in
99%
you
99%
i'm
98%
so
98%
into
98%
a
97%
to
97%
can
94%
and
92%
the
92%
baby
89%
baby,
89%
is
88%
barely
88%
it
87%
what
86%
breathe
86%
little
85%
all
85%
do
84%
me
84%
wanna
84%
my
83%
want
83%
make
82%
cause
82%
but
82%
'cause
82%
fall
81%
dangerous
81%
deep
81%
move
80%
touch
80%
body
80%
look
80%
more
79%
up
79%
started
78%
bit
78%
let
77%
close
76%
we
76%
conversation
76%
for
76%
come
76%
on
76%
this
74%
line
74%
wait
74%
thats
73%
enough
73%
less
73%
that's
73%
how
73%
oh
73%
i'll
72%
before
72%
rising
72%
cross
72%
waiting
72%
ain't
71%
here
70%
happen
69%
happen?
69%
'til
68%
gonna
67%
light
67%
been
66%
game
65%
play
64%
temperature's
62%
dice,
62%
roll
62%
see
53%
scandalous
53%
secret
53%
keep
51%
let's
50%
us,
49%
don't
49%
us
49%
take
48%
name
48%
them
47%
time
47%
too
47%
get
46%
watchin'
46%
watchin
46%
everyone
45%
no
45%
some
45%
yeah
45%
right
44%
mistakes
40%
got
40%
made
39%
many
39%
could
39%
tell
38%
better
33%
can't
33%
came
32%
hey
31%
know
31%
need
30%
edge
24%
control
23%
watching
21%
with
20%

Score Distribution

Percentile by Number Answered

Percent of People with Each Score

Your Score History

You have not taken this quiz